Le Mariage amoureux : Histoire du lien conjugal sous l'Ancien Régime (notice n° 2198294)
[ vue normale ]
| 000 -LEADER | |
|---|---|
| fixed length control field | 01607cam a2200133 4500500 |
| 005 - DATE AND TIME OF LATEST TRANSACTION | |
| control field | 20260405085526.0 |
| 041 ## - LANGUAGE CODE | |
| Language code of text/sound track or separate title | fre |
| 042 ## - AUTHENTICATION CODE | |
| Authentication code | dc |
| 100 10 - MAIN ENTRY--PERSONAL NAME | |
| Personal name | Daumas, Maurice |
| Relator term | author |
| 245 00 - TITLE STATEMENT | |
| Title | Le Mariage amoureux : Histoire du lien conjugal sous l'Ancien Régime |
| 260 ## - PUBLICATION, DISTRIBUTION, ETC. | |
| Name of publisher, distributor, etc. | Armand Colin,<br/> |
| Date of publication, distribution, etc. | 2024.<br/> |
| 520 ## - SUMMARY, ETC. | |
| Summary, etc. | Le mariage d’amour est devenu la norme de notre époque : il nous est aujourd’hui impossible de concevoir une union librement consentie qui ne soit pas fondée sur l’attachement réciproque et l’intensité des sentiments.Cette exigence était, au xvie siècle, une idée neuve. L’historien peut à présent évaluer dans le détail et retracer les étapes d’une longue évolution qui a vu son aboutissement, au xviiie siècle, dans une « révolution sentimentale » consacrant la fidélité conjugale, la félicité construite au sein de la famille et le rôle central de l’enfant.Pour étayer cette démonstration, ce sont des archives privées d’une extraordinaire richesse qui ont été utilisées dans cet ouvrage : correspondances des époux, journaux intimes, mémoires… Tous témoignent, avec force, de la constitution de ce nouvel univers amoureux, à mi-chemin entre l’amitié et la passion, également chères aux moralistes de l’Ancien Régime. Elles nous permettent ainsi de mieux comprendre comment l’amour conjugal s’est finalement imposé à l’homme des Lumières comme la meilleure voie d’accès au bonheur sur cette terre. |
| 856 41 - ELECTRONIC LOCATION AND ACCESS | |
| Uniform Resource Identifier | <a href="https://shs.cairn.info/le-mariage-amoureux--9782200637781?lang=fr&redirect-ssocas=7080">https://shs.cairn.info/le-mariage-amoureux--9782200637781?lang=fr&redirect-ssocas=7080</a> |
Pas d'exemplaire disponible.




Réseaux sociaux